[Event "Goch op 20th"]
[Site "Goch"]
[Date "2009.10.03"]
[Round "4"]
[White "Heimburger, Horst"]
[Black "Hermsen, Frederik"]
[Result "1/2-1/2"]
[WhiteElo "1530"]
[BlackElo "1920"]
[PlyCount "59"]
[EventDate "2009.10.01"]
[EventType "swiss"]
[EventRounds "7"]
[EventCountry "GER"]
[SourceTitle "EXT 2011"]
[Source "ChessBase"]
[SourceDate "2010.11.26"]
[SourceVersion "1"]
[SourceVersionDate "2010.11.26"]
[SourceQuality "1"]

1. d4 Nf6 2. c4 d6 3. Nc3 g6 4. e4 Bg7 5. f3 0-0 6. Be3 Nbd7 7. b4 e5 8. d5 b6 9. Bd3 Ne8 10. Nge2 f5 11. exf5 gxf5 12. Qc2 Qh4+ 13. Bf2 Qg5 14. Rg1 Ndf6 15. Rb1 e4 16. fxe4 fxe4 17. Nxe4 Nxe4 18. Bxe4 Nf6 19. Rb3 Nxe4 20. Qxe4 Bf5 21. Qe3 Qf6 22. Qd4 Qf7 23. Rg3 Kh8 24. Qxg7+ Qxg7 25. Bd4 Qxd4 26. Nxd4 Rae8+ 27. Kd2 Bd7 28. Rf3 Bg4 29. Rxf8+ Rxf8 30. Ke3 1/2-1/2

[Event "Goch op 17th"]
[Site "Goch"]
[Date "2006.10.13"]
[Round "2"]
[White "Heimburger, Horst"]
[Black "Van Winsen, Joost"]
[Result "1/2-1/2"]
[WhiteElo "1534"]
[BlackElo "1790"]
[PlyCount "81"]
[EventDate "2006.10.12"]
[EventType "swiss"]
[EventRounds "7"]
[EventCountry "GER"]
[SourceTitle "EXT 2008"]
[Source "ChessBase"]
[SourceDate "2007.11.25"]
[SourceVersion "1"]
[SourceVersionDate "2007.11.25"]
[SourceQuality "1"]

1. d4 c5 2. d5 Nf6 3. Nc3 e6 4. Nf3 exd5 5. Nxd5 Nxd5 6. Qxd5 d6 7. e4 Nc6 8. Bd2 Be6 9. Qg5 d5 10. exd5 Qxd5 11. Qxd5 Bxd5 12. 0-0-0 0-0-0 13. Bc3 Bxf3 14. Rxd8+ Kxd8 15. gxf3 Nd4 16. Bxd4 cxd4 17. Rg1 g6 18. Bg2 Bh6+ 19. Kd1 Kc7 20. Re1 Rd8 21. Re7+ Rd7 22. Rxd7+ Kxd7 23. Ke2 Kd6 24. Kd3 Ke5 25. c3 dxc3 26. Kxc3 Kf4 27. b3 Bf8 28. Kd3 Bc5 29. Ke2 a5 30. Kf1 b6 31. Ke2 f5 32. Kf1 h5 33. h3 Ba3 34. Ke2 Bb2 35. Bh1 Bd4 36. a4 Bc5 37. Kf1 Kg5 38. f4+ Kxf4 39. Bd5 g5 40. Kg2 h4 41. f3 1/2-1/2

[Event "Duisburg Grossenbaum op"]
[Site "Duisburg"]
[Date "2006.06.11"]
[Round "5"]
[White "Gockel, Mirco"]
[Black "Heimburger, Horst"]
[Result "1-0"]
[WhiteElo "1861"]
[BlackElo "1468"]
[PlyCount "53"]
[EventDate "2006.06.02"]
[EventType "swiss"]
[EventRounds "7"]
[EventCountry "GER"]
[SourceTitle "EXT 2007"]
[Source "ChessBase"]
[SourceDate "2006.11.23"]
[SourceVersion "1"]
[SourceVersionDate "2006.11.23"]
[SourceQuality "1"]

1. c4 Nf6 2. Nc3 e5 3. e4 Nc6 4. g3 Be7 5. Bg2 0-0 6. Nge2 d6 7. d3 Be6 8. 0-0 Qc8 9. Nd5 Ne8 10. Be3 f5 11. Qd2 fxe4 12. dxe4 Bd8 13. f4 exf4 14. gxf4 Nf6 15. f5 Bf7 16. b3 Ng4 17. Bf4 Nce5 18. h3 Nf6 19. Rac1 Qd7 20. Bxe5 Nxd5 21. Bb2 Nb6 22. Rcd1 Bf6 23. e5 Be7 24. e6 Bxe6 25. fxe6 Qxe6 26. Bxb7 Rae8 27. Bc6 1-0